[Event "56th ch-RUS"]
[Site "Krasnoyarsk"]
[Date "2003.09.10"]
[Round "7"]
[White "Ulibin, Mikhail"]
[Black "Obukhov, Alexander"]
[Result "1/2-1/2"]
[WhiteElo "2558"]
[BlackElo "2487"]
[PlyCount "108"]
[EventDate "2003.09.03"]
[Source "Roberto Alvarez"]
[SourceDate "2003.09.15"]

1. d4 Nf6 2. c4 e6 3. g3 c5 4. d5 exd5 5. cxd5 d6 6. Nc3 g6 7. Nf3 Bg7 8. Bg2 O-O 9. O-O Na6 10. Nd2 Nc7 11. Nc4 Nh5 12. Ne4 Ne8 13. a4 b6 14. Ra2 Bf5 15. Ng5 Nhf6 16. e4 Bg4 17. Qd3 h6 18. Nf3 Bxf3 19. Bxf3 Nd7 20. Bd2 a6 21. Bg4 Nef6 22. Bxd7 Nxd7 23. Bf4 Ne5 24. Bxe5 Bxe5 25. Nxe5 dxe5 26. d6 Ra7 27. b3 Rd7 28. Rd2 Qf6 29. Rfd1 Rfd8 30. Kg2 Qe6 31. Qc4 Qxc4 32. bxc4 f6 33. f4 Kf7 34. f5 gxf5 35. exf5 a5 36. Kf3 Ke8 37. Ke4 Rg7 38. Kd5 Kd7 39. Rb1 Rb8 40. Rdb2 Rg4 41. Rxb6 Rd4+ 42. Kxc5 Rc8+ 43. Kb5 Rdxc4 44. Kxa5 Ra8+ 45. Kb5 Rcxa4 46. Rb7+ Kxd6 47. Rd1+ Rd4 48. Rxd4+ exd4 49. Kc4 Ke5 50. Re7+ Kxf5 51. Kxd4 Ra2 52. h3 Rg2 53. Rg7 h5 54. Ke3 h4 1/2-1/2

[Event "7th Amplico AIG Life"]
[Site "Warsaw POL"]
[Date "2007.12.15"]
[Round "5"]
[White "Akesson, R."]
[Black "Gajewski, G."]
[Result "1-0"]
[WhiteElo "2468"]
[BlackElo "2573"]
[PlyCount "91"]
[EventDate "2007.12.15"]
[Source "www.chesslib.no"]
[SourceDate "2004.05.04"]

1. d4 Nf6 2. c4 e6 3. g3 c5 4. d5 exd5 5. cxd5 d6 6. Nc3 g6 7. Bg2 Bg7 8. Nf3 O-O 9. O-O a6 10. a4 Re8 11. h3 Nbd7 12. Bf4 Nh5 13. Bg5 f6 14. Bd2 f5 15. Rb1 c4 16. b4 cxb3 17. Rxb3 Nc5 18. Rb4 Bd7 19. Qb1 Rc8 20. Rc1 Nf6 21. a5 Nfe4 22. Be1 Nxc3 23. Bxc3 Bxc3 24. Rxc3 Qxa5 25. Nd4 b5 26. g4 f4 27. Rf3 Re4 28. e3 Rce8 29. Kh2 fxe3 30. fxe3 Rxe3 31. Rxe3 Rxe3 32. Nc6 Qa3 33. Rf4 Nd3 34. Rf6 Ne1 35. Rxg6+ Kh8 36. Rh6 Qd3 37. Qa1+ Qc3 38. Qxc3+ Rxc3 39. Be4 Kg8 40. Rxd6 Be8 41. Rd8 Kf7 42. Ra8 Rc4 43. Ne5+ Ke7 44. Nxc4 bxc4 45. d6+ Kf7 46. Bd5+ 1-0

[Event "Mondariz Balneario"]
[Site "?"]
[Date "2000.??.??"]
[Round "?"]
[White "Gleizerov, E."]
[Black "Suba, M."]
[Result "1-0"]
[WhiteElo "2555"]
[BlackElo "2485"]
[PlyCount "85"]
[EventDate "2000.??.??"]
[Source "Chess Informant"]
[SourceDate "2000.06.01"]

1. d4 Nf6 2. c4 e6 3. g3 c5 4. d5 exd5 5. cxd5 d6 6. Nc3 g6 7. Nf3 Bg7 8. Bg2 O-O 9. O-O Na6 10. Nd2 Nc7 11. Nc4 Nfe8 12. Bf4 b6 13. Rc1 f5 14. Qd2 Ba6 15. b3 b5 16. Na5 b4 17. Na4 Nb5 18. Nc6 Qd7 19. Rxc5 Nc3 20. Nxc3 bxc3 21. Rxc3 Bxc3 22. Qxc3 Nf6 23. Re1 Bb7 24. b4 a6 25. a4 Nh5 26. Bc1 Qg7 27. Qb3 h6 28. Bb2 Qf7 29. Qc3 Kh7 30. e3 Nf6 31. Qd4 Ne4 32. Rc1 Rac8 33. b5 axb5 34. axb5 Ra8 35. Rc2 Rfe8 36. b6 Rac8 37. Rc4 h5 38. h4 Qf8 39. Ra4 Nc5 40. Ra7 Ra8 41. Na5 Rxa7 42. bxa7 Qf7 43. Nc4 1-0

[Event "Berga Open"]
[Site "Berga"]
[Date "1993.??.??"]
[Round "8"]
[White "Marin, Mihail"]
[Black "Suba, Mihai"]
[Result "1/2-1/2"]
[WhiteElo "2515"]
[BlackElo "2520"]
[PlyCount "34"]
[EventDate "1993.08.??"]
[Source "www.chesslib.no"]
[SourceDate "2004.05.04"]

1. d4 Nf6 2. c4 e6 3. g3 c5 4. d5 exd5 5. cxd5 d6 6. Nc3 g6 7. Bg2 Bg7 8. Nf3 O-O 9. O-O Na6 10. Nd2 Nc7 11. Nc4 Nfe8 12. a4 b6 13. Qc2 f5 14. Bf4 Ba6 15. b3 Qf6 16. Rac1 Rd8 17. Qd2 Qd4 1/2-1/2

[Event "RUS-Cup"]
[Site "Tula "]
[Date "1999.??.??"]
[Round "8"]
[White "Burmakin, Vladimir"]
[Black "Kotsur, Pavel"]
[Result "1-0"]
[WhiteElo "2534"]
[BlackElo "2499"]
[PlyCount "77"]
[EventDate "1999.??.??"]
[Source "www.chesslib.no"]
[SourceDate "2004.05.04"]

1. d4 Nf6 2. c4 c5 3. d5 e6 4. Nc3 exd5 5. cxd5 d6 6. g3 g6 7. Bg2 Bg7 8. Nf3 O-O 9. O-O Na6 10. Nd2 Nc7 11. Nc4 Nh5 12. a4 f5 13. Bd2 b6 14. Bf3 Ba6 15. Qb3 Nf6 16. Bf4 Bxc4 17. Qxc4 a6 18. b4 Qd7 19. bxc5 bxc5 20. Rab1 Rfb8 21. Rxb8+ Rxb8 22. Rb1 Rxb1+ 23. Nxb1 Qe7 24. Nd2 Nfe8 25. Qb3 Qf6 26. h4 h6 27. Be3 Kh7 28. Nc4 g5 29. hxg5 hxg5 30. g4 f4 31. Bd2 Qd4 32. e3 fxe3 33. Bxe3 Qf6 34. Kg2 Qe7 35. Qb1+ Kg8 36. Qg6 Qf6 37. Qxg5 Qc3 38. Qf4 Qb3 39. Nxd6 1-0

[Event "Open, Ubeda ESP"]
[Site "?"]
[Date "2001.??.??"]
[Round "2"]
[White "Maherramzade, J."]
[Black "Minasian, Art"]
[Result "1-0"]
[WhiteElo "2455"]
[BlackElo "2565"]
[PlyCount "133"]
[EventDate "2001.??.??"]
[Source "www.chesslib.no"]
[SourceDate "2004.05.04"]

1. d4 g6 2. Nf3 Bg7 3. c4 c5 4. d5 d6 5. g3 e6 6. Bg2 exd5 7. cxd5 Nf6 8. Nc3 O-O 9. O-O Re8 10. Bf4 a6 11. a4 Bg4 12. h3 Bxf3 13. Bxf3 Qc7 14. Rc1 Nbd7 15. b4 Rac8 16. Qb3 Qb6 17. b5 Ne5 18. Bg2 Nh5 19. Ne4 Nxf4 20. gxf4 Nd7 21. a5 Qc7 22. b6 Qb8 23. e3 Re7 24. Nd2 Rce8 25. Nc4 Nf6 26. Kh2 Qd8 27. Qa4 Bh6 28. Nd2 Qc8 29. Qc2 Nh5 30. Bf3 Nxf4 31. exf4 Bxf4+ 32. Kg2 Re5 33. Rh1 Qd8 34. h4 Qf6 35. Rcd1 h5 36. Qd3 Kf8 37. Ne4 Qe7 38. Ng3 Qf6 39. Ne4 Qe7 40. Ng3 Qf6 41. Qc4 Bh6 42. Rd3 Qd8 43. Bd1 Bg7 44. Ba4 R8e7 45. Rf1 f5 46. Bd1 Kg8 47. Bf3 Bh6 48. Rh1 Kh7 49. Rdd1 Qe8 50. Kf1 Re1+ 51. Rxe1 Rxe1+ 52. Kg2 Rxh1 53. Nxh1 Bd2 54. Qa2 Bc3 55. Ng3 Qb5 56. Qc2 Be5 57. Nxf5 c4 58. Ne3 c3 59. Bxh5 Qe8 60. Qe4 Qf7 61. Be2 Kg7 62. Bd3 Bf4 63. Ng4 Bd2 64. Bc2 Kh7 65. Qf3 Qxf3+ 66. Kxf3 Be1 67. Ne3 1-0

[Event "USA (ch)"]
[Site "?"]
[Date "1989.??.??"]
[Round "?"]
[White "Alburt, L."]
[Black "Gurevich, D."]
[Result "1-0"]
[WhiteElo "2530"]
[BlackElo "2490"]
[PlyCount "49"]
[EventDate "1989.??.??"]
[Source "ChessBase"]
[SourceDate "1989.07.01"]

1. d4 Nf6 2. c4 e6 3. g3 c5 4. d5 exd5 5. cxd5 d6 6. Nc3 g6 7. Nf3 Bg7 8. Bg2 O-O 9. O-O Na6 10. h3 Bd7 11. e4 Qc8 12. Bf4 Bxh3 13. Bxd6 Bxg2 14. Kxg2 Re8 15. Re1 Qd7 16. e5 Ng4 17. Ne4 Rad8 18. Rc1 b6 19. e6 fxe6 20. dxe6 Rxe6 21. Nfg5 Nxf2 22. Qb3 Nxe4 23. Rxe4 Qxd6 24. Rd1 Bd4 25. Nxe6 1-0

[Event "Invitational"]
[Site "Santa Monica"]
[Date "2004.05.15"]
[Round "5"]
[White "Mikhalevski, Victor"]
[Black "Sevillano, Enrico"]
[Result "1/2-1/2"]
[WhiteElo "2550"]
[BlackElo "2467"]
[PlyCount "112"]
[EventDate "2004.05.11"]
[Source "Roberto Alvarez"]
[SourceDate "2004.05.24"]

1. d4 Nf6 2. c4 e6 3. g3 c5 4. d5 exd5 5. cxd5 d6 6. Nc3 g6 7. Bg2 Bg7 8. Nf3 O-O 9. O-O Na6 10. Nd2 Qe7 11. Nc4 Rd8 12. e4 Bg4 13. f3 Bd7 14. a4 Nb4 15. Bf4 Ne8 16. Qd2 Qf8 17. Kh1 b6 18. Bg5 f6 19. Be3 Bc8 20. f4 Ba6 21. b3 f5 22. Rad1 Rd7 23. g4 Bxc4 24. bxc4 Qf6 25. Rc1 fxg4 26. e5 dxe5 27. Ne4 Qf5 28. fxe5 Qxe5 29. Bxc5 bxc5 30. Nxc5 Rc7 31. Qxb4 a5 32. Qb6 Qd6 33. Qxd6 Nxd6 34. Ne4 Nxe4 35. Bxe4 Rc5 36. Bd3 Bf8 37. Rb1 Rc7 38. Rb5 Kg7 39. Re1 Bb4 40. Re6 Rd8 41. Kg2 Rf7 42. Be2 Rf4 43. Kg3 Rd4 44. Kf2 Rf8+ 45. Ke3 Rff4 46. Bd3 Bc3 47. Be4 Rf1 48. Rb3 Re1+ 49. Kf2 Rxc4 50. Rxc3 Rcxe4 51. Rc7+ Kh6 52. Rxe4 Rxe4 53. d6 Rd4 54. d7 Kg5 55. Ke3 Rd1 56. Ra7 Kf6 1/2-1/2

[Event "Open 2004"]
[Site "Navalmoral de la Mata"]
[Date "2004.12.06"]
[Round "4.2"]
[White "Llanes Hurtado, Miguel"]
[Black "Korneev, Oleg"]
[Result "1/2-1/2"]
[WhiteElo "2431"]
[BlackElo "2583"]
[PlyCount "50"]
[EventDate "2004.12.04"]
[Source "Roberto Alvarez"]
[SourceDate "2004.12.13"]

1. d4 Nf6 2. Nf3 e6 3. c4 c5 4. d5 exd5 5. cxd5 d6 6. Nc3 g6 7. g3 Bg7 8. Bg2 O-O 9. O-O Re8 10. Bf4 Na6 11. Re1 Ne4 12. Nxe4 Rxe4 13. Nd2 Re8 14. Ne4 Bf8 15. Qd2 Nc7 16. Rad1 Bf5 17. Nc3 Be7 18. h3 f6 19. g4 Bc8 20. Ne4 Bf8 21. g5 Rxe4 22. Bxe4 Bxh3 23. Qe3 Bd7 24. Qg3 Qe7 25. Bg2 h6 1/2-1/2

[Event "ROM-chT"]
[Site "?"]
[Date "2003.05.06"]
[Round "7"]
[White "Atalik Suat"]
[Black "Moldovan Daniel"]
[Result "1-0"]
[WhiteElo "2568"]
[BlackElo "2442"]
[PlyCount "65"]
[EventDate "2003.??.??"]
[Source "www.chesslib.no"]
[SourceDate "2004.05.04"]

1. d4 g6 2. Nf3 Bg7 3. c4 c5 4. d5 Nf6 5. Nc3 O-O 6. g3 e6 7. Bg2 exd5 8. cxd5 d6 9. O-O Na6 10. Nd2 Nc7 11. Nc4 Nfe8 12. a4 b6 13. Bd2 Ba6 14. b3 Rb8 15. Re1 f5 16. Ra2 Nf6 17. Qc1 Qd7 18. Bf4 Bxc4 19. bxc4 a6 20. Bh3 Qd8 21. e4 fxe4 22. Nxe4 Nxe4 23. Rxe4 b5 24. axb5 axb5 25. Rae2 bxc4 26. Re7 Rf7 27. Rxf7 Kxf7 28. Be6+ Nxe6 29. dxe6+ Ke8 30. e7 Qb6 31. Qxc4 d5 32. Qxd5 Qb1+ 33. Bc1 1-0

[Event "Czech Republic"]
[Site "?"]
[Date "2003.??.??"]
[Round "7"]
[White "Dydyshko Viacheslav"]
[Black "Simacek Pavel"]
[Result "0-1"]
[WhiteElo "2581"]
[BlackElo "2424"]
[PlyCount "132"]
[EventDate "2003.??.??"]
[Source "www.chesslib.no"]
[SourceDate "2004.05.04"]

1. d4 Nf6 2. c4 c5 3. d5 e6 4. Nc3 exd5 5. cxd5 d6 6. Nf3 g6 7. g3 Bg7 8. Bg2 O-O 9. O-O a6 10. a4 Re8 11. Bf4 h6 12. Re1 g5 13. Bd2 Nbd7 14. h3 Rb8 15. Rb1 c4 16. Qc2 Nc5 17. h4 Nfe4 18. hxg5 hxg5 19. Rbd1 Qf6 20. Nxe4 Nxe4 21. Qxc4 Bd7 22. Be3 Rbc8 23. Qb3 Qxb2 24. Qxb2 Bxb2 25. Rb1 Bc3 26. Rxb7 Bxe1 27. Rxd7 Bb4 28. Nd4 Bc5 29. Nc6 Bxe3 30. fxe3 Kf8 31. Bf3 g4 32. Bxe4 Rxe4 33. Kf2 Rce8 34. Rxd6 Rxe3 35. Nd4 R3e5 36. a5 Ke7 37. Rxa6 Rxd5 38. e3 Rc8 39. Rb6 Kf8 40. a6 Ra5 41. Nc6 Ra2+ 42. Kg1 Kg7 43. a7 Rc7 44. Kf1 Rd7 45. Rb1 Rd6 46. Rc1 Rdd2 47. e4 Rf2+ 48. Kg1 Rg2+ 49. Kf1 Rgf2+ 50. Kg1 Rg2+ 51. Kf1 Rxg3 52. Rc2 Rga3 53. Rxa2 Rxa2 54. Ne5 Rxa7 55. Nxg4 Ra2 56. Nf2 Kf6 57. Ng4+ Kg5 58. Ne5 f6 59. Nd7 Ra7 60. Nc5 Kf4 61. Ke2 Ra5 62. Nb3 Ra2+ 63. Nd2 Rxd2+ 64. Kxd2 Kxe4 65. Ke2 Kf4 66. Kf2 f5 0-1

[Event "XI Festival"]
[Site "Voronezh RUS"]
[Date "2007.06.21"]
[Round "9"]
[White "Novikov, St"]
[Black "Obukhov, A."]
[Result "1/2-1/2"]
[WhiteElo "2556"]
[BlackElo "2446"]
[PlyCount "47"]
[EventDate "2007.06.12"]
[Source "www.chesslib.no"]
[SourceDate "2004.05.04"]

1. d4 Nf6 2. c4 e6 3. g3 c5 4. d5 exd5 5. cxd5 d6 6. Nc3 g6 7. Bg2 Bg7 8. Nf3 O-O 9. O-O Na6 10. Nd2 Nc7 11. Nc4 Nfxd5 12. a4 b6 13. Qd3 Ba6 14. b3 f5 15. Bf3 Qe7 16. Rb1 Nf6 17. Bf4 Nd7 18. Rfe1 Bxc4 19. bxc4 g5 20. Bd2 Ne5 21. Qc2 h6 22. Nb5 Nxb5 23. Rxb5 f4 24. Qe4 1/2-1/2

[Event "Horgen-B"]
[Site "Horgen"]
[Date "1995.??.??"]
[Round "8"]
[White "Zueger, Beat"]
[Black "Brunner, Lucas"]
[Result "1-0"]
[WhiteElo "2470"]
[BlackElo "2530"]
[PlyCount "81"]
[EventDate "1995.10.??"]
[Source "ChessBase"]

1. c4 Nf6 2. d4 e6 3. g3 c5 4. d5 exd5 5. cxd5 d6 6. Nc3 g6 7. Bg2 Bg7 8. Nf3 O-O 9. O-O a6 10. a4 Re8 11. Re1 Nbd7 12. Bf4 Qc7 13. e4 Ng4 14. Nd2 Nge5 15. Bf1 Nf8 16. a5 f5 17. Bxe5 Bxe5 18. Nc4 Bxc3 19. bxc3 Rxe4 20. Qd2 Nd7 21. Rxe4 fxe4 22. Qf4 Ne5 23. Nxe5 dxe5 24. Qxe4 Bf5 25. Qe3 Re8 26. Bc4 Kg7 27. Ra2 Rf8 28. Rb2 Rf6 29. h4 e4 30. Be2 h5 31. c4 Qxa5 32. Rxb7+ Rf7 33. Rb1 Kh7 34. Rd1 Qb6 35. d6 Rd7 36. Qf4 Qb2 37. Bxh5 e3 38. fxe3 Bc2 39. Bg4 Bxd1 40. Bxd7 Qc3 41. Be6 1-0

[Event "It (cat.8)"]
[Site "It (cat.8)"]
[Date "1989.??.??"]
[Round "7"]
[White "Hulak, Krunoslav"]
[Black "Norwood, David"]
[Result "1-0"]
[WhiteElo "2515"]
[BlackElo "2485"]
[PlyCount "89"]
[EventDate "1989.??.??"]
[Source "www.chesslib.no"]
[SourceDate "2004.05.04"]

1. d4 Nf6 2. Nf3 c5 3. d5 e6 4. c4 exd5 5. cxd5 d6 6. Nc3 g6 7. g3 Bg7 8. Bg2 O-O 9. O-O Re8 10. a4 Na6 11. Nd2 Nb4 12. Nc4 b6 13. Bf4 Bf8 14. Qd2 Ba6 15. b3 Bxc4 16. bxc4 Bg7 17. h3 Nh5 18. Bh6 Bxh6 19. Qxh6 f5 20. Bf3 Ng7 21. Rac1 Qf6 22. Rfd1 a6 23. Kg2 Re5 24. h4 Rf8 25. Rh1 Qe7 26. Qd2 Ne8 27. Rce1 Qg7 28. e4 Nf6 29. exf5 Rxf5 30. Re3 Nd7 31. Ne4 Ne5 32. Be2 b5 33. axb5 axb5 34. cxb5 Qb7 35. Rd1 h5 36. f4 Ng4 37. Bxg4 hxg4 38. Nxd6 Qxd5+ 39. Qxd5+ Rxd5 40. Rxd5 Nxd5 41. Re5 Nb6 42. Rxc5 Ra8 43. Rg5 Ra2+ 44. Kf1 Kh7 45. h5 1-0

[Event "AUT-chT2M 9900"]
[Site "?"]
[Date "1999.12.05"]
[Round "5.1"]
[White "Haba Petr"]
[Black "Gruenberg Hans Ulrich"]
[Result "1/2-1/2"]
[WhiteElo "2546"]
[BlackElo "2453"]
[PlyCount "82"]
[EventDate "1999.??.??"]
[Source "www.chesslib.no"]
[SourceDate "2004.05.04"]

1. d4 Nf6 2. c4 e6 3. g3 c5 4. d5 exd5 5. cxd5 d6 6. Bg2 g6 7. Nc3 Bg7 8. Nf3 O-O 9. O-O Re8 10. Bf4 a6 11. Rc1 b5 12. a3 Ne4 13. Nxe4 Rxe4 14. Qd2 Bg4 15. Rfe1 Bxf3 16. Bxf3 Rd4 17. Qe3 Rxf4 18. gxf4 Bxb2 19. Rc2 Bd4 20. Qd2 Nd7 21. e3 Bg7 22. Rb1 Rb8 23. Bg4 Nf6 24. Bf3 Nd7 25. Bg4 Nf6 26. Bf3 a5 27. Qe2 Qb6 28. Rcb2 b4 29. axb4 cxb4 30. Rc2 b3 31. Rc6 Qb4 32. Qa6 Nd7 33. Rc4 Qb5 34. Rc8+ Nf8 35. Qxb5 Rxb5 36. Ra8 b2 37. Kg2 Rc5 38. Ra6 f5 39. Be2 Rc2 40. Bd3 Rc3 41. Rxb2 Rxd3 1/2-1/2

[Event "Mondariz op 7th"]
[Site "Mondariz"]
[Date "2000.07.28"]
[Round "3"]
[White "Ulibin, Mikhail"]
[Black "Reinaldo Castineira, Roi"]
[Result "1/2-1/2"]
[WhiteElo "2583"]
[BlackElo "2416"]
[PlyCount "69"]
[EventDate "2000.07.26"]
[Source "www.chesslib.no"]
[SourceDate "2004.05.04"]

1. d4 Nf6 2. c4 c5 3. d5 e6 4. Nc3 exd5 5. cxd5 d6 6. Nf3 g6 7. g3 Bg7 8. Bg2 O-O 9. O-O a6 10. a4 Re8 11. Bf4 Nh5 12. Bg5 Qc7 13. Qd2 Nd7 14. Bh6 Bh8 15. h3 Rb8 16. Rab1 b5 17. axb5 axb5 18. g4 Nhf6 19. b4 cxb4 20. Rxb4 Nxg4 21. Nxb5 Qc5 22. Rxg4 Qxb5 23. Nd4 Qb2 24. Qxb2 Rxb2 25. Bc1 Bxd4 26. Rxd4 Rbxe2 27. Ba3 Nc5 28. Bxc5 dxc5 29. Rc4 Re1 30. Rxc5 Rxf1+ 31. Bxf1 Bf5 32. f3 Rc8 33. Rxc8+ Bxc8 34. h4 Kf8 35. Kf2 1/2-1/2

[Event "Geneve 84/35"]
[Site "?"]
[Date "2002.??.??"]
[Round "?"]
[White "Gleizerov, E."]
[Black "Gerber, R."]
[Result "1-0"]
[WhiteElo "2581"]
[BlackElo "2417"]
[PlyCount "89"]
[EventDate "2002.??.??"]
[Source "Chess Informant"]
[SourceDate "2002.02.01"]

1. d4 Nf6 2. c4 c5 3. d5 e6 4. Nc3 d6 5. Nf3 g6 6. g3 Bg7 7. Bg2 O-O 8. O-O exd5 9. cxd5 Na6 10. Nd2 Nc7 11. Nc4 b5 12. Nxd6 Qxd6 13. Bf4 Qb6 14. d6 Ne6 15. Bxa8 Nxf4 16. gxf4 Rd8 17. Bg2 Rxd6 18. Qc2 Rd4 19. e3 Bf5 20. Qc1 Rd7 21. Rd1 Bd3 22. a4 b4 23. a5 Qd6 24. Nb5 Qb8 25. Rxd3 Rxd3 26. Qxc5 Nd7 27. Qxb4 a6 28. Be4 Bf8 29. Qc4 Rd2 30. Qc3 Re2 31. Bd3 Bg7 32. Nd4 Rxb2 33. Bxa6 Nf8 34. Bc4 Rb1+ 35. Rxb1 Qxb1+ 36. Kg2 Qe4+ 37. f3 Bxd4 38. Qxd4 Qc2+ 39. Kg3 Qc1 40. Kf2 Qc2+ 41. Be2 Ne6 42. Qc4 Qf5 43. a6 Qh5 44. Kg2 Qa5 45. Qb5 1-0

[Event "31. Internacional La Roda"]
[Site "La Roda"]
[Date "2004.04.08"]
[Round "2"]
[White "Delchev, Aleksander"]
[Black "Kovacevic, Slobodan"]
[Result "1-0"]
[WhiteElo "2602"]
[BlackElo "2396"]
[PlyCount "55"]
[EventDate "2004.04.07"]
[Source "Roberto Alvarez"]
[SourceDate "2004.04.19"]

1. d4 Nf6 2. Nf3 e6 3. c4 c5 4. d5 exd5 5. cxd5 d6 6. Nc3 g6 7. g3 Bg7 8. Bg2 O-O 9. O-O Re8 10. Bf4 a6 11. a4 h6 12. Re1 Kh7 13. e4 Bg4 14. h3 Bxf3 15. Bxf3 g5 16. Bd2 Nbd7 17. Qc2 Kg8 18. Bg2 Rb8 19. Nd1 Ne5 20. Ne3 Ng6 21. Nf5 Bf8 22. a5 Nd7 23. Ra3 Rc8 24. h4 f6 25. f4 c4 26. Qd1 gxf4 27. gxf4 Kh7 28. Rg3 1-0

[Event "ESP-ch Seniors"]
[Site "Calvia"]
[Date "2004.10.16"]
[Round "5"]
[White "Komljenovic, Davor"]
[Black "Suba, Mihail"]
[Result "1-0"]
[WhiteElo "2479"]
[BlackElo "2516"]
[PlyCount "93"]
[EventDate "2004.10.12"]
[Source "Roberto Alvarez"]
[SourceDate "2004.11.08"]

1. d4 Nf6 2. c4 e6 3. Nf3 c5 4. d5 d6 5. Nc3 exd5 6. cxd5 g6 7. g3 Bg7 8. Bg2 O-O 9. O-O Na6 10. Nd2 Nc7 11. Nc4 Nfe8 12. Bf4 g5 13. Be3 f5 14. Qd2 h6 15. f4 gxf4 16. Bxf4 Qf6 17. a4 Bd7 18. Kh1 Qg6 19. e4 Bxc3 20. bxc3 fxe4 21. Rae1 h5 22. Bxe4 Bf5 23. Bxf5 Rxf5 24. Ne3 Rf7 25. c4 Ng7 26. Qc2 Qxc2 27. Nxc2 Rd8 28. Ne3 Nce8 29. Bg5 Rdd7 30. Ng2 Rxf1+ 31. Rxf1 Rf7 32. Nf4 Nf6 33. Re1 Ng4 34. Kg2 Ne5 35. Re4 b6 36. h3 Kf8 37. Ne6+ Kg8 38. Nxg7 Kxg7 39. Bf4 Re7 40. Bxe5+ dxe5 41. Re3 Re8 42. a5 Kf7 43. axb6 axb6 44. Rb3 Rb8 45. Kf3 h4 46. g4 Kf6 47. Ke4 1-0

[Event "Baile Herculane"]
[Site "?"]
[Date "1999.??.??"]
[Round "?"]
[White "Cozianu, C."]
[Black "Istratescu, A."]
[Result "1/2-1/2"]
[WhiteElo "2425"]
[BlackElo "2570"]
[PlyCount "77"]
[EventDate "1999.??.??"]
[Source "Chess Informant"]
[SourceDate "1999.10.01"]

1. d4 Nf6 2. c4 e6 3. g3 c5 4. d5 exd5 5. cxd5 d6 6. Nc3 g6 7. Bg2 Bg7 8. Nf3 O-O 9. O-O Na6 10. Nd2 Nc7 11. Nc4 Qe7 12. Bf4 Rd8 13. e4 Ng4 14. a4 b6 15. Nb5 Nxb5 16. axb5 Ne5 17. Bxe5 Bxe5 18. f4 Bd4+ 19. Kh1 Bb7 20. Qb3 Qd7 21. Rfe1 Re8 22. e5 dxe5 23. Nxe5 Qd6 24. Nc6 Bf6 25. h4 Kg7 26. Rxe8 Rxe8 27. Rxa7 Bc8 28. Qf3 Bf5 29. b3 c4 30. Ne5 cxb3 31. Rxf7+ Kg8 32. Rxf6 Qxf6 33. Qxb3 Qd6 34. Kh2 h6 35. Qc3 Rc8 36. Nc6 Re8 37. Ne5 Rc8 38. Nc6 Re8 39. Ne5 1/2-1/2

[Event "Politicen Cup"]
[Site "Copenhagen"]
[Date "1983.??.??"]
[Round "5"]
[White "Csom, Istvan"]
[Black "Wedberg, Tom"]
[Result "1/2-1/2"]
[WhiteElo "2500"]
[BlackElo "2495"]
[PlyCount "37"]
[EventDate "1983.10.??"]
[Source "ChessBase"]

1. d4 Nf6 2. c4 e6 3. g3 c5 4. d5 exd5 5. cxd5 d6 6. Bg2 g6 7. Nf3 Bg7 8. Nc3 O-O 9. O-O Re8 10. h3 Ne4 11. Nxe4 Rxe4 12. Nd2 Re8 13. a4 Nd7 14. Ne4 Qc7 15. Bf4 Ne5 16. Bg5 Nd7 17. Bf4 Ne5 18. Bg5 Nd7 19. Bf4 1/2-1/2

[Event "Osterskars"]
[Site "?"]
[Date "1995.??.??"]
[Round "3"]
[White "Gleizerov Evgeny"]
[Black "Wedberg Tom"]
[Result "1/2-1/2"]
[WhiteElo "2540"]
[BlackElo "2455"]
[PlyCount "33"]
[EventDate "1995.??.??"]
[Source "www.chesslib.no"]
[SourceDate "2004.05.04"]

1. d4 Nf6 2. c4 e6 3. g3 c5 4. d5 exd5 5. cxd5 d6 6. Nc3 g6 7. Nf3 Bg7 8. Bg2 O-O 9. O-O Re8 10. Bf4 Nh5 11. Bg5 Qd7 12. a4 b6 13. Qd2 Na6 14. h3 Nb4 15. e4 Ba6 16. Rfd1 Qc7 17. Bh6 1/2-1/2

[Event "Alushta"]
[Site "?"]
[Date "1993.??.??"]
[Round "?"]
[White "Gleizerov, E."]
[Black "Lazarev, V."]
[Result "1/2-1/2"]
[WhiteElo "2555"]
[BlackElo "2430"]
[PlyCount "35"]
[EventDate "1993.??.??"]
[Source "ChessBase"]
[SourceDate "1993.06.01"]

1. d4 Nf6 2. c4 e6 3. g3 c5 4. d5 exd5 5. cxd5 d6 6. Nc3 g6 7. Bg2 Bg7 8. Nf3 O-O 9. O-O Na6 10. Nd2 Nc7 11. Nc4 b5 12. Nxd6 Qxd6 13. Bf4 Qd7 14. d6 Ne6 15. Bxa8 Nxf4 16. gxf4 Qg4+ 17. Bg2 Qxf4 18. Qc1 1/2-1/2

[Event "Sevastopol"]
[Site "?"]
[Date "1986.??.??"]
[Round "?"]
[White "Kharitonov, A."]
[Black "Agzamov, G."]
[Result "0-1"]
[WhiteElo "2460"]
[BlackElo "2525"]
[PlyCount "80"]
[EventDate "1986.??.??"]
[Source "ChessBase"]
[SourceDate "1986.07.01"]

1. d4 Nf6 2. Nf3 e6 3. c4 c5 4. d5 exd5 5. cxd5 d6 6. Nc3 g6 7. g3 Bg7 8. Bg2 O-O 9. O-O Re8 10. Nd2 Ng4 11. Nde4 a6 12. Bg5 f6 13. Bf4 Ne5 14. a4 Nf7 15. Nd2 g5 16. Be3 Nd7 17. Nc4 Nde5 18. Nxe5 Nxe5 19. Qc2 f5 20. Bd2 Qf6 21. e3 Nc4 22. Bc1 Bd7 23. Nd1 Ne5 24. f4 gxf4 25. Rxf4 Bh6 26. Rf1 Ng4 27. Ra3 Qe5 28. Bd2 b5 29. axb5 axb5 30. Rxa8 Rxa8 31. Kh1 b4 32. e4 Bxd2 33. Qxd2 fxe4 34. h3 Nf6 35. Qf2 Ra1 36. Kh2 Kg7 37. b3 h5 38. Kh1 Qd4 39. Qe2 Qxd5 40. Ne3 Rxf1+ 0-1

[Event "Becej"]
[Site "Novi Becej"]
[Date "1996.??.??"]
[Round "?"]
[White "Ilincic, Zlatko"]
[Black "Kovacevic, Aleksandar"]
[Result "1-0"]
[WhiteElo "2555"]
[BlackElo "2430"]
[PlyCount "127"]
[EventDate "1996.??.??"]
[Source "www.chesslib.no"]
[SourceDate "2004.05.04"]

1. d4 Nf6 2. c4 c5 3. d5 d6 4. Nc3 g6 5. g3 e6 6. Bg2 exd5 7. cxd5 Bg7 8. Nf3 O-O 9. O-O Na6 10. Nd2 Nc7 11. Nc4 Nh5 12. a4 f5 13. Bf3 Nf6 14. Bf4 Nfe8 15. Qd2 b6 16. Rac1 Bb7 17. Rfe1 Qd7 18. h4 Rd8 19. h5 Qf7 20. hxg6 hxg6 21. Rcd1 Bd4 22. e3 Bf6 23. e4 Bd4 24. e5 dxe5 25. Nxe5 Qh7 26. Nc6 Bxc6 27. dxc6 Nf6 28. Kg2 Qf7 29. Bxc7 Qxc7 30. Nb5 Qf7 31. c7 Rd7 32. Bc6 Rxc7 33. Nxc7 Qxc7 34. Bf3 Qf7 35. Re2 Re8 36. Rxe8+ Qxe8 37. b3 Qe6 38. Qd3 Nd7 39. Qc4 Qxc4 40. bxc4 Ne5 41. Bd5+ Kg7 42. f4 Ng4 43. Re1 Kf8 44. Re6 Nf6 45. Kf3 Bc3 46. Ke2 Bb2 47. Kd2 Ba1 48. Kc2 Bd4 49. Kd3 Bb2 50. Rc6 Ke7 51. Rc8 Bd4 52. Ra8 Kd6 53. Rxa7 Nxd5 54. cxd5 Kxd5 55. Rd7+ Kc6 56. Rd8 Bf2 57. Rg8 Kd5 58. Rxg6 c4+ 59. Ke2 Bd4 60. Rg8 Bc5 61. Rd8+ Ke4 62. Re8+ Kd4 63. Re5 Kc3 64. a5 1-0

[Event "Koop Tjuchem (open), Groningen NED"]
[Site "Groningen"]
[Date "1996.??.??"]
[Round "?"]
[White "Evseev, D."]
[Black "Psakhis, L."]
[Result "1/2-1/2"]
[WhiteElo "2395"]
[BlackElo "2590"]
[PlyCount "24"]
[EventDate "1996.??.??"]
[Source "www.chesslib.no"]
[SourceDate "2004.05.04"]

1. d4 e6 2. c4 Nf6 3. g3 c5 4. d5 exd5 5. cxd5 d6 6. Nc3 g6 7. Bg2 Bg7 8. Nf3 O-O 9. O-O Re8 10. Bf4 Nh5 11. Bg5 Qb6 12. Qc1 a6 1/2-1/2